| 000 | 01531nam a2200349 a 4500 | ||
|---|---|---|---|
| 001 | 51899 | ||
| 003 | BD-RjUL | ||
| 005 | 20211209075728.0 | ||
| 008 | 160904r19831981ii 000 0 eng | ||
| 035 | _a(BD-RjUL)52019 | ||
| 040 |
_aDLC _cDLC _dDLC _beng |
||
| 041 | _aeng | ||
| 082 | 0 | 0 |
_a343.0420954 _223 _bSAS 1983 |
| 100 | 1 |
_aIslam, Serajul. _9142014 |
|
| 245 | 0 | 0 |
_aSerajul Islam's Public demands recovery acts; _b(Bengal act III of 1913 for West Bengal & East Pakistan and Bihar and Orissa act IV of 1914 for Bihar & Orissa) _cand the Revenue recovery act I of 1890 by P. C. Sarkar. |
| 250 | _a6th ed. | ||
| 260 |
_aCalcutta, _bS. C. Sarkar _c1981, [Reprinted 1983] |
||
| 300 |
_axxvii, 405 p. ; _c22 cm. |
||
| 500 | _aIncludes index | ||
| 650 | 0 |
_aTax collection _zIndia _zWest Bengal. _9155226 |
|
| 650 | 0 |
_aTax collection _zBangladesh. _9141919 |
|
| 650 | 0 |
_aTax collection _zIndia _zOdisha. _9142017 |
|
| 650 | 0 |
_aTax collection _zIndia _zBihar. _9142018 |
|
| 700 | 1 |
_aSarkar, Prabhas Chandra, _eed. _9155227 |
|
| 710 | 1 |
_aWest Bengal. _kLaws, statutes, etc. _tBengal public demands recovery act. _9142019 |
|
| 710 | 1 |
_aEast Pakistan. _kLaws, statutes, etc. _tBengal public demands recovery act. _9142020 |
|
| 710 | 1 |
_aOrissa, India. _kLaws, statutes, etc. _tBihar and Orissa public demands recovery act. _9142020 |
|
| 710 | 1 |
_aBihar, India (State). _kLaws, statutes, etc. _tBihar and Orissa public demands recovery act. _9142021 |
|
| 740 | 0 | _aPublic demands recovery acts. | |
| 942 |
_2ddc _cBK |
||
| 999 |
_c51899 _d51899 |
||